[Event "GRE-chT 42nd"]
[Site "Porto Rio"]
[Date "2014.06.29"]
[Round "2.8"]
[White "Tsakiris, Haralambos"]
[Black "Papakonstantinou, Dimitrios"]
[Result "1-0"]
[WhiteElo "2099"]
[BlackElo "1945"]
[PlyCount "77"]
[EventDate "2014.06.28"]
[EventType "team-swiss"]
[EventRounds "7"]
[EventCountry "GRE"]
[SourceTitle "CBM 161 Extra"]
[Source "ChessBase"]
[SourceDate "2014.08.29"]
[SourceVersion "1"]
[SourceVersionDate "2014.08.29"]
[SourceQuality "1"]
[WhiteTeam "Kavalas CN"]
[BlackTeam "Mapou Thunder"]
[WhiteTeamCountry "GRE"]
[BlackTeamCountry "GRE"]

1. d4 Nf6 2. c4 g6 3. Nc3 Bg7 4. e4 d6 5. f3 0-0 6. Be3 c5 7. Nge2 Nc6 8. d5 Ne5 9. Ng3 e6 10. Be2 exd5 11. cxd5 a6 12. a4 h5 13. 0-0 Nh7 14. Qd2 h4 15. Nh1 f5 16. Nf2 Bd7 17. f4 Nf7 18. Bd3 Re8 19. exf5 gxf5 20. Rae1 Rb8 21. Nh3 Nf6 22. Bf2 Rxe1 23. Qxe1 Ng4 24. Bxh4 Qb6 25. Qe7 c4+ 26. Kh1 cxd3 27. Qxd7 Qxb2 28. Nd1 Qd4 29. Qxf5 Ngh6 30. Qe6 b5 31. g4 d2 32. g5 Qd3 33. Kg2 Nf5 34. Bf2 Kf8 35. g6 Nd8 36. Qd7 Qxd5+ 37. Kg1 Qe6 38. Qa7 Nc6 39. Qxa6 1-0